Cidade Solitaria

Saved in:
Bibliographic Details
Main Author: NAMORA, Fernando, 1919-1989
Format: Book
Language:English
Published: Livraria Bertrand 1977
Tags: Add Tag
No Tags, Be the first to tag this record!

MARC

LEADER 00000nam a22000007a 4500
008 210120b ||||| |||| 00| 0 eng d
100 |a NAMORA, Fernando, 1919-1989 
245 |a Cidade Solitaria 
250 |b . 6th ed  |c  Lisbon 
260 |b Livraria Bertrand  |c 1977  |i 677360  |l PQ9054 .N15 
942 |a lcc  |c BK  |e j o ifatola  |f 20/1/2021 
952 |0 0  |1 0  |2 lcc  |4 0  |6 PQ9054 N15  |7 0  |9 1323  |a HOL  |b HOL  |c LP  |d 2021-01-20  |l 0  |o PQ9054 .N15  |p 2021-0136  |r 2021-01-20 00:00:00  |w 2021-01-20  |y BK 
999 |c 685  |d 685